000 01198nam a2200193Ia 4500
003 Ost
005 20260507075051.0
008 260507s9999||||xx |||||||||||||| ||und||
040 _cfsecg
041 _aara
082 _a657.46
100 _aأبو المكارم، وصفي عبد الفتاح
_eمؤلف
245 0 _aالمحاسبة المالية :
_bالقياس والتقويم والإفصاح المحاسبي /
_c وصفي عبد الفتاح أبو المكارم
260 _aالإسكندرية:
_bالدار الجامعية,
_c1996
300 _a632 صفحة؛
_bإيضاحات ؛
_c24 سم
520 _aالمدخل النظري لدراسة المحاسبة المالية، الدورة المحاسبية وتدفق البيانات في الوحدات التجارية والصناعية، القوائم المالية التي تصدرها الوحدات الاقتصادية، قياس وتقويم عناصر رأس المال العامل، قياس وتقويم الأصول والالتزامات طويلة الأجل، مشاكل الاعتراف بالايراد في بعض الأنشطة
653 _aالمحاسبة التحليلية
942 _cكتاب
999 _c42649
_d42649